Nghiên cứu hàm lượng kim loại nặng (Cr, Pb) trong đất và trong loại giun đất Pontoscolex Corethrurus Miiler, 1856 ở khu công nghiệp Hòa Cầm, quận Cẩm Lệ, Thành phố Đà Nẵng

Tình hình ô nhiễm Kim loại nặng (Pb, Cr) trên thế giới. Từ đó nghiên cứu hàm lượng kim loại nặng trong đất và giun đất ơ khu công nghiệp Hòa Cầm, Cẩm Lệ, Đà Nẵng

Tallennettuna:
Bibliografiset tiedot
Päätekijä: Nguyễn, Thúy Nga
Muut tekijät: Phạm Thị Hồng Hà TS. (Hướng dẫn)
Aineistotyyppi: Kirja
Kieli:Vietnamese
Julkaistu: Đại học Đà Nẵng Trường Đại học Sư Phạm 2011
Sarja:Khóa luận tốt nghiệp Đại học. Chuyên ngành: Cử nhân Sinh - Môi trường
Aiheet:
Tagit: Lisää tagi
Ei tageja, Lisää ensimmäinen tagi!
Thư viện lưu trữ: Mạng thư viện Đại học Đà Nẵng
LEADER 01785nam a2200373 4500
001 000011387
003 7630
005 20120203140228.0
008 120203s2011 viesd
041 |a vie 
072 |a Khóa luận tốt nghiệp 
082 |a 592.51  |b NG-N 
100 |a Nguyễn, Thúy Nga 
245 |a Nghiên cứu hàm lượng kim loại nặng (Cr, Pb) trong đất và trong loại giun đất Pontoscolex Corethrurus Miiler, 1856 ở khu công nghiệp Hòa Cầm, quận Cẩm Lệ, Thành phố Đà Nẵng  |c Nguyễn, Thúy Nga 
260 |a Đại học Đà Nẵng  |b Trường Đại học Sư Phạm  |c 2011 
300 |a 32 tr.  |b Tóm tăt, Phụ lục, đĩa CD kèm theo  |c 29 cm 
490 |a Khóa luận tốt nghiệp Đại học. Chuyên ngành: Cử nhân Sinh - Môi trường 
500 |a Tham khảo Phụ lục 
520 |a Tình hình ô nhiễm Kim loại nặng (Pb, Cr) trên thế giới. Từ đó nghiên cứu hàm lượng kim loại nặng trong đất và giun đất ơ khu công nghiệp Hòa Cầm, Cẩm Lệ, Đà Nẵng 
653 |a hàm lượng kim loại 
653 |a Hòa Cầm 
653 |a Khóa luận tốt nghiệp Đại học 
653 |a Khoa Sinh - Môi trường 
700 |a Phạm Thị Hồng Hà  |c TS.  |e Hướng dẫn 
OWN |a LSP 
AVA |a UDN50  |b LSP  |d 592.51 NG-N  |e available  |t Error 5001 Not defined in file expand_doc_bib_avail.  |f 1  |g 0  |h N  |i 0  |k 1 
999 |a From the UDN01 
AVA |a UDN50  |b LSP  |d 592.51 NG-N  |e available  |t Error 5001 Not defined in file expand_doc_bib_avail.  |f 1  |g 0  |h N  |i 0  |k 1 
TYP |a Monograph 
TYP |a Printed language 
980 |a Mạng thư viện Đại học Đà Nẵng